| 000 | 00840cam a22001934a 4500 | ||
|---|---|---|---|
| 005 | 20250605164355.0 | ||
| 008 | 250528s ||||||||||||||||||||||||d | ||
| 035 | _a24302 | ||
| 040 |
_aGR-AtMCL _bgre _dGR-AtMCL _eAACR2 |
||
| 245 | 1 | _aEarly Education Journal / Strengthening Professional Identity | |
| 260 | _c2021 | ||
| 300 | _a15 | ||
| 520 | _aEditorial: Strengthening Professional Identity, Agency and Values in Shaping Educator Professional Identities, The Poverty Paradox - Poor Practitioners Supporting Families in Poverty, The Power of Reflection and Reflexivity on Professional Identity, Professional Identity and Early Childhood Studies Placement. | ||
| 700 | 1 |
_aMoylett Helen _99447 |
|
| 942 | _cCR | ||
| 710 | 2 |
_aThe British Association For Early Childhood Education _99826 |
|
| 999 |
_c9192 _d9192 |
||